Music Quiz

Random Music Quiz
Score 0/17 Timer 05:00
0 Plays Today
Part % Correct
Solo Cornet
93.3%
2nd Cornet
92.7%
1st Cornet
92.1%
Soprano Cornet
92.1%
1st Horn
91.5%
2nd Horn
91.5%
1st Baritone
91.5%
1st Trombone
90.9%
2nd Trombone
90.9%
Part % Correct
Euphonium
90.8%
Flugel Horn
90.2%
2nd Baritone
90.2%
Percussion
89.6%
Bass Trombone
87.8%
Solo Horn
86%
Eb Bass
82.3%
Bb Bass
82.3%
Remove Ads.
Support Sporcle.
Get the best of Sporcle when you Go Orange. This ad-free experience offers more features, more stats, and more fun while also helping to support Sporcle. Thank you for becoming a member.

You're not logged in!

Compare scores with friends on all Sporcle quizzes.
OR
Log In

Show Comments

Extras

Top Quizzes Today


Score Distribution

Your Account Isn't Verified!

In order to create a playlist on Sporcle, you need to verify the email address you used during registration. Go to your Sporcle Settings to finish the process.

Report this User

Report this user for behavior that violates our Community Guidelines.

Details: